| 000 | 00545nam a2200181Ia 4500 | ||
|---|---|---|---|
| 005 | 20250423101546.0 | ||
| 008 | 250422s9999 xx 000 0 und d | ||
| 020 | _a9780656472 | ||
| 050 | _aRG 103.4 .N38/ | ||
| 100 | _aNational Primary Health Care Development Agency | ||
| 245 | 0 | _aTraining manual on emergency obstetric care as expanded life saving skill for doctors | |
| 260 | _aNigeria | ||
| 260 | _bFederal Ministry of Health | ||
| 260 | _c2003 | ||
| 300 | _a190 p | ||
| 650 | _a Obstetrics Emergency medical services | ||
| 942 | _cBK | ||
| 999 |
_c36636 _d36636 |
||